<?xml version="1.0" encoding="UTF-8"?>
<collection xmlns="http://www.loc.gov/MARC21/slim">
  <record>
    <leader>00000nam  2200000   4500</leader>
    <controlfield tag="001">INLIS000000000018567</controlfield>
    <controlfield tag="005">20241126012802</controlfield>
    <datafield tag="035" ind1="#" ind2="#">
      <subfield code="a">0010-1124000233</subfield>
    </datafield>
    <controlfield tag="007">ta</controlfield>
    <controlfield tag="008">241126###########################0######</controlfield>
    <datafield tag="245" ind1="#" ind2="#">
      <subfield code="a">PEMULA BUTUH ARAH :</subfield>
      <subfield code="b">Dari Laboratorium Ke Dunia Kerja : Panduan Konprehensif Analisis Farmasi Untuk Mahasiswa /</subfield>
      <subfield code="c">apt. Diah Astari Salam, S.Farm., M.S.Farm</subfield>
    </datafield>
    <datafield tag="260" ind1="#" ind2="#">
      <subfield code="a">Makassar :</subfield>
      <subfield code="b">Puslatbang KMP RI LAN Makassar,</subfield>
      <subfield code="c">2024</subfield>
    </datafield>
    <datafield tag="300" ind1="#" ind2="#">
      <subfield code="a">77 ;</subfield>
      <subfield code="c">30</subfield>
    </datafield>
    <datafield tag="650" ind1="#" ind2="4">
      <subfield code="a">Panduan Konprehensif Analisis Farmasi Untuk Mahasiswa</subfield>
    </datafield>
    <datafield tag="700" ind1=" " ind2="#">
      <subfield code="a">Ns. Rosani Naim, S.Kep., M.Kep (Mentor)</subfield>
    </datafield>
    <datafield tag="700" ind1=" " ind2="#">
      <subfield code="a">Irmayani, S.AP., M.I.Kom (Coach)</subfield>
    </datafield>
    <datafield tag="520" ind1="#" ind2="#">
      <subfield code="a">Berdasarkan nilai-nilai dasar BerAKHLAK, penulis mengangkat isu yang sangat relevan dengan profesionalitas sebagai dosen. Salah satu permasalahan mahasiswa S1 Program Studi Farmasi Fakultas Sains dan Teknologi Universitas Sembilanbelas November Kolaka yang sulit untuk transisi dari teori ke praktik karena keterbatasan instrumentasi laboratorium dan menginginkan pembelajaran yang lebih interaktif dan aplikatif.&#13;
Analisis farmasi merupakan mata kuliah yang banyak menggunakan instrumentasi tersebut sehingga isu yang diangkat peserta yaitu kurangnya modul pembelajaran praktikum analisis farmasi yang efektif dalam mendukung luaran keterampilan mahasiswa farmasi di dunia kerja. Gagasan kreatif yang diajukan peserta untuk mengatasi isu ini yaitu Pembuatan Modul Pembelajaran Interaktif yang berjudul:&#13;
&#13;
"Dari Laboratorium Ke Dunia Kerja: Panduan Komprehensif Analisis Farmasi Untuk Mahasiswa".&#13;
&#13;
Modul pembelajaran ini dibuat dengan memanfaatkan pengetahuan, keterampilan dan pengalaman penulis dan tim yang akan dibuat nantinya sebagai pegangan mahasiswa untuk persiapan di dunia kerja ataupun tugas akhir.</subfield>
    </datafield>
    <datafield tag="856" ind1="#" ind2="#">
      <subfield code="a">PUSLATBANG KMP LAN RI Makassar</subfield>
    </datafield>
  </record>
</collection>
